Platobná neschopnosť zamestnávateľa

Dva druhy platobnej neschopnosti zamestnávateľa: prvotná platobná neschopnosť a druhotná platobná neschopnosť. Riešenie druhotnej platobnej neschopnosti zamestnávateľa. Dávka garančného poistenia - príjem oslobodený od dane. Maximálna výška dávky garančného poistenia.

Salvato in:
Dettagli Bibliografici
Autore principale: Boráková, Marta
Natura: Capitolo di libro
Lingua:slovacco
Soggetti:
Tags: Aggiungi Tag
Nessun Tag, puoi essere il primo ad aggiungerne!!

MARC

LEADER 00000naa a2200000 4500
001 0242425
005 20250924094655.0
041 0 |a slo 
044 |a SK 
245 1 0 |a Platobná neschopnosť zamestnávateľa  |c Marta Boráková 
520 |a Dva druhy platobnej neschopnosti zamestnávateľa: prvotná platobná neschopnosť a druhotná platobná neschopnosť. Riešenie druhotnej platobnej neschopnosti zamestnávateľa. Dávka garančného poistenia - príjem oslobodený od dane. Maximálna výška dávky garančného poistenia. 
610 2 0 |a zamestnávatelia 
610 2 0 |a zamestnanci 
610 2 0 |a insolventnosť 
610 2 0 |a konkurzy 
610 2 0 |a veritelia 
610 2 0 |a poistenie garančné 
610 2 0 |a záväzky podniku 
610 2 0 |a legislatíva 
610 2 0 |a neschopnosť platobná 
100 1 |a Boráková, Marta